Frederic Whitaker. (Record no. 734)

MARC details
000 -LEADER
fixed length control field 00756nam a2200277 4500
005 - DATE AND TIME OF LATEST TRANSACTION
control field 20260322212032.0
008 - FIXED-LENGTH DATA ELEMENTS--GENERAL INFORMATION
fixed length control field data
010 ## - LIBRARY OF CONGRESS CONTROL NUMBER
LC control number 77188290
020 ## - INTERNATIONAL STANDARD BOOK NUMBER
International Standard Book Number 087358094X
020 ## - INTERNATIONAL STANDARD BOOK NUMBER
International Standard Book Number 9780873580946
040 ## - CATALOGING SOURCE
Original cataloging agency DLC
Transcribing agency DLC
Modifying agency DLC
043 ## - GEOGRAPHIC AREA CODE
Geographic area code n-us---
050 00 - LIBRARY OF CONGRESS CALL NUMBER
Classification number ND1839.W48
Item number L6
082 00 - DEWEY DECIMAL CLASSIFICATION NUMBER
Classification number 759.13
092 ## - LOCALLY ASSIGNED DEWEY CALL NUMBER (OCLC)
Classification number 759.13 L6 1972
001 - CONTROL NUMBER
control field data
100 1# - MAIN ENTRY--PERSONAL NAME
Personal name Lovoos, Janice.
245 10 - TITLE STATEMENT
Title Frederic Whitaker.
Statement of responsibility, etc. Janice Lovoos.
260 ## - PUBLICATION, DISTRIBUTION, ETC.
Place of publication, distribution, etc. Flagstaff, Ariz.,
Name of publisher, distributor, etc. Northland Press
Date of publication, distribution, etc. [1972]
300 ## - PHYSICAL DESCRIPTION
Extent viii, 115 p.
Other physical details illus. (part col.)
Dimensions 30 cm.
350 ## - PRICE (NR) (BK AM CF MU VM SE) [OBSOLETE]
Price {dollar}17.50
504 ## - BIBLIOGRAPHY, ETC. NOTE
Bibliography, etc. note Bibliography: p. 114.
600 10 - SUBJECT ADDED ENTRY--PERSONAL NAME
Personal name Whitaker, Frederic.
906 ## - LOCAL DATA ELEMENT F, LDF (RLIN)
a 7
b cbc
c orignew
d 2
e ncip
f 19
g y-gencatlg
991 ## -
-- c-GenColl
-- ND1839.W48
-- L6
-- Copy 1
-- BOOKS
Holdings
Withdrawn status Lost status Damaged status Not for loan Home library Current library Shelving location Date acquired Total checkouts Full call number Barcode Date last seen Price effective from Koha item type
        Centerville Centerville General stacks 22/03/2026   759.13 BC0010751 22/03/2026 22/03/2026 Books